000 00774cam a2200277 4500500
005 20260405003525.0
041 _afre
042 _adc
100 1 0 _aLegros, Martin
_eauthor
245 0 0 _aL’âge du consensus par recoupement est-il venu ?
260 _c2022.
500 _a95
690 _aAssemblée nationale
690 _aClivage
690 _aCompromis
690 _aConsensus
690 _aÉlections
690 _aJohn Rawls
690 _aLégislative
690 _aMajorité
690 _aNupes
690 _aPolitique
690 _aStabilité
786 0 _nPhilosophie magazine | 161 | 8 | 2022-07-01 | p. 9-9 | 1951-1787
856 4 1 _uhttps://shs.cairn.info/magazine-philosophie-magazine-2022-8-page-9?lang=fr&redirect-ssocas=7080
999 _c2068364
_d2068364